[Event "Challenge"]
[Site "http://www.queenalice.com/game.php?id=873246"]
[Date "2010.12.17"]
[Round "-"]
[White "maiconmil"]
[Black "dmdoido"]
[Result "1-0"]
[WhiteElo "1094"]
[BlackElo "857"]

1. d4 e6 2. e4 d5 3. Nc3 Nf6 4. exd5 Na6 5. dxe6 Bxe6 6. Nf3 c5 7. Bb5+ Ke7 8.
dxc5 Nd5 9. Bg5+ Nf6 10. Ne4 Bg4 11. h3 Qa5+ 12. Nc3 Nc7 13. Qd6# 1-0

[Event "Maicon x Marcio"]
[Site "http://www.queenalice.com/game.php?id=874438"]
[Date "2010.12.20"]
[Round "-"]
[White "dmdoido"]
[Black "maiconmil"]
[Result "0-1"]
[WhiteElo "802"]
[BlackElo "1117"]

1. d4 d5 2. e3 Nc6 3. Nf3 Nf6 4. Nbd2 Ne4 5. Ne5 Qd6 6. Qf3 Qf6 7. Qh5 g6 8. Qf3
h5 9. c4 Bg4 10. cxd5 Bxf3 11. dxc6 Bg4 12. cxb7 Qxf2# 0-1

[Event "Challenge"]
[Site "http://www.queenalice.com/game.php?id=874859"]
[Date "2010.12.21"]
[Round "-"]
[White "maiconmil"]
[Black "dmdoido"]
[Result "1-0"]
[WhiteElo "1180"]
[BlackElo "1054"]

1. d4 d5 2. Nc3 e6 3. e4 c6 4. Nf3 Qf6 5. Bg5 Qg6 6. Bd3 Bb4 7. exd5 Qf6 8. Bxf6
Nxf6 9. d6 O-O 10. Ng5 h6 11. Ne4 e5 12. dxe5 Bg4 13. Nxf6+ gxf6 14. Qxg4+ Kh8
15. Qxb4 Na6 16. Qxb7 Nc5 17. Qxc6 Rfc8 18. Qd5 fxe5 19. Bf5 Kg7 20. d7 Rc7 21.
Qxe5+ Kf8 22. Qxc7 Ne6 23. Qb7 Rd8 24. Qxa7 Ng7 25. Qc5+ Kg8 26. Bg4 Re8+ 27.
dxe8=Q+ Nxe8 28. Qh5 Kg7 29. Ne4 Kh7 30. Qxf7+ Ng7 31. Nf6+ Kh8 32. Qg8# 1-0

[Event "Challenge"]
[Site "http://www.queenalice.com/game.php?id=885403"]
[Date "2011.1.12"]
[Round "-"]
[White "dmdoido"]
[Black "maiconmil"]
[Result "0-1"]
[WhiteElo "1019"]
[BlackElo "1295"]

1. g3 d5 2. d3 e5 3. e4 Nf6 4. Na3 dxe4 5. Nc4 Nc6 6. Bh3 exd3 7. cxd3 Nd4 8.
Nxe5 Bb4+ 9. Bd2 Qd6 10. Qa4+ b5 11. Qxb4 Nc2+ 12. Kd1 Nxb4 13. Bxb4 Qxe5 14.
Nf3 Qxb2 15. Bf5 Bxf5 16. Bd2 Qxa1+ 17. Bc1 Qxa2 18. Nd4 Bxd3 19. Re1+ Ne4 20.
Nxb5 Qc2# 0-1